| 000 | 00683nam a2200205 i 4500 | ||
|---|---|---|---|
| 001 | 79961 | ||
| 003 | ES-MaACL | ||
| 005 | 20250930063102.0 | ||
| 007 | t| | ||
| 008 | 041025s1978 sp ||||1| spa d | ||
| 100 | 1 |
_aHesse, Hermann, _d1877-1962 _963472 |
|
| 245 | 1 | 0 |
_aLecturas para minutos _b: pensamientos extraídos de sus libros y cartas / _cHermann Hesse ; selección de Volker Michels ; [traductor Asunción Silvan]. |
| 250 | _a[4ª ed.]. | ||
| 260 |
_aMadrid : _bAlianza, _c[1978] |
||
| 300 |
_a143 p. ; _c18 cm. |
||
| 700 | 1 |
_aMichels, Volker. _980933 |
|
| 700 | 1 |
_aSilvan, Asunción. _9106413 |
|
| 852 |
_aES-MaACL _jA-8574 _bR.97577 |
||
| 999 |
_c79961 _d79961 |
||